000 00978cad a22002535a 4500
001 E151884
008 101216s2010 xxk f 100 0 eng d
020 _a9781842196199
035 _a(Sirsi) u151884
041 0 _aeng
100 1 _aSherif, Yasmeen A.
111 2 _aConstruction and Building Research Conference
_cDauphine Universite, Paris
_d2-3 September 2010
245 0 0 _aOptimal construction method for bridge decks
_ba value engineering spirit approach
_h[electronic resource]
260 _aLondon
_bRICS
_c2010
520 _aA paper presented at the COBRA Conference in Paris on 2-3 September 2010.
590 _aKA
650 2 4 _aCONSTRUCTION AND BUILDING RESEARCH CONFERENCE (COBRA)
651 4 _aEgypt
690 _aPROPERTY-INFRASTRUCTURE
700 1 _aHaroun, Medhat A.
700 1 _aNosair, Ibrahim Abd El-Rasheed
856 4 0 _uhttps://www.rics.org/site/scripts/download_info.aspx?fileID=7764&categoryID=720
_zBroken link - not available
942 _n0
999 _c111704
_d111704